01162nab a22002297a 4500999001500000003000400015005001700019008004100036040001100077100003400088245009100122260007300213300001500286500003800301505023800339505008900577650005800666650003300724650002000757773014200777942001300919 c5366d5366OSt20250225234137.0190603e xxum|||| |||| 00| 0 spa d cPJ-TDF 96400aViviano Hidalgo, Marina13aEl silencio en la adopción. Una mirada interdisciplinaria /cMarina Viviano Hidalgo. cCiudad Autónoma de Buenos Aires :aThomson Reuters La Ley, b2024. ap. 135-138 aCita: TR LALEY AR/DOC/2699/2024.  aSumario: I. Introducción.— II. Novela familiar.— III. El silencio como obstáculo en el proceso de vinculación.— IV. El silencio en la narrativa personal del niño.— V. El derecho sale a la cancha.— VI. Conclusión.  t¿Te interesa el texto completo? Solicitalo al correo: koha@justierradelfuego.gov.ar 092741aDERECHOS DE LAS NIÑAS, NIÑOS Y ADOLESCENTES 092345aDERECHO A LA IDENTIDAD 09974aADOPCIÓN0 0271393170dCiudad Autónoma de Buenos Aires : Thomson Reuters La Ley, 2015-tRevista Código Civil y Comercial. Nº 6 - Diciembre 2024 2udccANA